East Asia : Regional economic integration and implications for the United States
Kaydedildi:
| Materyal Türü: | Kitap |
|---|---|
| Dil: | Undetermined |
| Baskı/Yayın Bilgisi: |
USITC
1993
|
| Konular: | |
| Etiketler: |
Etiketle
Etiket eklenmemiş, İlk siz ekleyin!
|
| Thư viện lưu trữ: | Trung tâm Học liệu Trường Đại học Cần Thơ |
|---|
| LEADER | 00538nam a2200181Ia 4500 | ||
|---|---|---|---|
| 001 | CTU_105591 | ||
| 008 | 210402s9999 xx 000 0 und d | ||
| 082 | |a 337.54073 | ||
| 082 | |b E13 | ||
| 245 | 0 | |a East Asia : | |
| 245 | 0 | |b Regional economic integration and implications for the United States | |
| 260 | |b USITC | ||
| 260 | |c 1993 | ||
| 650 | |a East asia,United states | ||
| 650 | |x Economic integration,Foreign economic relations | ||
| 650 | |z East asia | ||
| 904 | |i Truc | ||
| 980 | |a Trung tâm Học liệu Trường Đại học Cần Thơ | ||